Pokémon que empiezan por la letra V - Estadísticas

Estadísticas generales
  • Esta prueba ha sido intentada 19 veces
  • La puntuación promedio es 16 de 25
Estadísticas de respuestas
Gen. Tipo Nombre % Correcto
I Fuego Vulpix
87%
V Hielo Vanillish
80%
I Bicho/Veneno Venonat
80%
I Planta/Veneno Victreebel
80%
I Eléctrico Voltorb
80%
I Agua Vaporeon
73%
I Bicho/Veneno Venomoth
73%
I Planta/Veneno Venusaur
73%
III Tierra/Dragon Vibrava
73%
VI Fuego/Agua Volcanion
73%
V Bicho/Fuego Volcarona
73%
V Hielo Vanillite
67%
V Hielo Vanilluxe
67%
V Bicho/Veneno Venipede
67%
VII Bicho/Eléctrico Vikavolt
67%
IX Acero/Veneno Varoom
53%
V Psíquico/Fuego Victini
53%
I Planta/Veneno Vileplume
53%
III Normal Vigoroth
47%
VI Bicho/Volador Vivillon
47%
V Siniestro/Volador Vullaby
47%
IV Bicho/Volador Vespiquen
40%
V Planta/Lucha Virizion
40%
III Bicho Volbeat
40%
IX Agua/Psíquico Veluza
27%
No se encontraron pruebas coincidentes
Distribución de puntuación
Porcentaje de gente con cada puntuación
Porcentaje por número respondido
Historial de tus puntuaciones
No has intentado esta prueba.